Normal view MARC view

Entry Topical Term

Number of records used in: 1

001 - CONTROL NUMBER

  • control field: 16190

003 - CONTROL NUMBER IDENTIFIER

  • control field: OSt

005 - DATE AND TIME OF LATEST TRANSACTION

  • control field: 20211105134019.0

008 - FIXED-LENGTH DATA ELEMENTS

  • fixed length control field: 211105|| aca||aabn | a|a d

040 ## - CATALOGING SOURCE

  • Original cataloging agency: OSt
  • Transcribing agency: OSt

150 ## - HEADING--TOPICAL TERM

  • Topical term or geographic name entry element: Solar granulation Stellar granulation

670 ## - SOURCE DATA FOUND

  • Source citation: Work cat.: (OSt): International Workshop of the OAC and NATO Advanced Research Workshop on Solar and Stellar Granulation Capri, Italy 1988 June 21-25 16189, Solar and stellar granulation, 1989

Powered by Koha